Culture Générale - Série 962 - Statistiques

Statistiques générales
  • Ce quiz a été pris 110 fois
  • Le résultat moyen est 6 sur 10
Statistiques - réponses
Question Réponse % Correct
Avec quel chanteur québécois Céline Dion a-t-elle enregistré en duo : "Sous le vent" ? Garou
89%
Qui a élaboré la théorie de la relativité ? Albert Einstein
86%
Quels insectes, s'attaquant aux poutres des maisons, sont aussi appelés fourmis blanches ? termites
64%
Quel est le plus léger des gaz rares ? hélium
63%
Sous quel autre nom connaît-on la morue fraîche ? cabillaud
58%
Quel insecte stridule ou craquette ? cigale
55%
Dans quelle ville est née l'actrice Juliette Binoche ? Paris
55%
Quel ancien maire de Lille a été le premier Premier ministre de François Mitterrand ? Pierre Mauroy
43%
Quel verbe est utilisé pour parler du cri poussé par le chameau ou le bélier ? blatérer
37%
Quel acteur incarne le Commissaire Magellan à la télévision ? Jacques Spiesser
21%
Aucun quiz correspondant
Distribution des résultats
% des personnes avec chaque résultat
Percentile par nombre de réponses
Votre historique - résultats
Vous n’avez pas pris ce quiz